000 01379nam0a22003011 4500
001 v19\rc\1358751
005 20250618081213.0
035 _a(NLR Aleph) 004501291
090 _a4690060
_c4690060
100 _a20060512d1866 |||y0rusy50 ca
101 1 _arus
_cger
102 _aRU
105 _aa z |||||
200 1 _aУпотребление стереоскопа для различения фальшивых ассигнаций от настоящих
_e(Пер. с нем.)
_fГ.В. Дове
210 _aСанкт-Петербург
_cтип. А.П. Червякова
_d1866
215 _a31 с., 6 л. ил.
_d15
300 _aИзд. также по загл.: Вернейшее средство различать фальшивые ассигнации от настоящих
451 0 _12001#$aВернейшее средство различать фальшивые ассигнации от настоящих
_tВернейшее средство различать фальшивые ассигнации от настоящих
700 1 _aДове
_bГ.В.
_f1803-1879
_gГенрих Вильгельм
801 0 _aRU
_bNLR
_gpsbo
801 0 _aRU
_bRuMoRGB
_2psbo
801 1 _aRU
_bProSoft-M
_2rusmarc
852 _aNLR
_j18.94.4.473
899 _aRuMoRGB
_jE 60/294
899 _aБАН
899 _aНБ СПбГУ
942 _cBOOK
980 _aNB